| 000 -LEADER |
| fixed length control field |
01597 a2200289 4500 |
| 003 - CONTROL NUMBER IDENTIFIER |
| control field |
Nust |
| 005 - DATE AND TIME OF LATEST TRANSACTION |
| control field |
20170207154119.0 |
| 020 ## - INTERNATIONAL STANDARD BOOK NUMBER |
| International Standard Book Number |
0-13-048434-2 (paperback) |
| 020 ## - INTERNATIONAL STANDARD BOOK NUMBER |
| International Standard Book Number |
0-13-090126-1 |
| 040 ## - CATALOGING SOURCE |
| Transcribing agency |
Nust |
| 082 00 - DEWEY DECIMAL CLASSIFICATION NUMBER |
| Classification number |
621.3815324 |
| 100 1# - MAIN ENTRY--PERSONAL NAME |
| Personal name |
Haykin, Simon S., |
| 245 00 - TITLE STATEMENT |
| Title |
Adaptive filter theory / |
| Statement of responsibility, etc. |
Simon Haykin |
| 250 ## - EDITION STATEMENT |
| Edition statement |
4th ed. |
| 260 ## - PUBLICATION, DISTRIBUTION, ETC. |
| Place of publication, distribution, etc. |
Upper Saddle River, N.J. : |
| Name of publisher, distributor, etc. |
Prentice Hall, |
| Date of publication, distribution, etc. |
cop. 2002 |
| 300 ## - PHYSICAL DESCRIPTION |
| Extent |
xvi, 920 p : |
| Other physical details |
ill. |
| 440 #0 - SERIES STATEMENT/ADDED ENTRY--TITLE |
| Title |
Prentice-Hall information and system sciences series, |
| 505 ## - FORMATTED CONTENTS NOTE |
| Formatted contents note |
Background And Preview (Page-1),Stochastic Processes And Models(Page-35), Wiener Filters (Page-94),Linear Prediction (Page-136),Method Of Steepest Descent (Page-203),Least-Mean-Square Adaptive Filters (Page-231),Normalized Least-Mean-Square Adaptive Filters (Page-320), Frequency-Domain And Subband Adaptive Filters (Page-344), Method Of Least Squares (Page-385),Recursive Least-Square Adaptive Filters (Page-436), Kalman Filters (Page-466),Square-Root Adaptive Filters (Page-506), Order-Recursive Adaptive Filters (Page-535), Finite-Precision Effects (Page-607), Tracking Of Time-Varying Systems (Page-637),Adaptive Filters Using Infinite-Duration Impulse Response Structures (Page-666), Blind Deconvolution (Page-684),Back-Propagation Learning (Page-736), |
| 538 ## - SYSTEM DETAILS NOTE |
| System details note |
Almirah No.35 Shelf No.6 |
| 650 #7 - SUBJECT ADDED ENTRY--TOPICAL TERM |
| Topical term or geographic name entry element |
Digitalteknik - elektronik |
| 650 #7 - SUBJECT ADDED ENTRY--TOPICAL TERM |
| Topical term or geographic name entry element |
Electric filters |
| 650 #7 - SUBJECT ADDED ENTRY--TOPICAL TERM |
| Topical term or geographic name entry element |
Filter - elektronik |
| 650 #7 - SUBJECT ADDED ENTRY--TOPICAL TERM |
| Topical term or geographic name entry element |
Signal processing |
| 650 #7 - SUBJECT ADDED ENTRY--TOPICAL TERM |
| Topical term or geographic name entry element |
Signalbehandling |
| 650 #7 - SUBJECT ADDED ENTRY--TOPICAL TERM |
| Topical term or geographic name entry element |
Signalbehandling |
| 650 #7 - SUBJECT ADDED ENTRY--TOPICAL TERM |
| Topical term or geographic name entry element |
Telecommunication Engineering |
| 942 ## - ADDED ENTRY ELEMENTS (KOHA) |
| Source of classification or shelving scheme |
|
| Koha item type |
Book |